000 00241nam a2200121Ia 4500
100 _a#N/A
942 _cBK
654 _acircuit Board
245 _aBuild your own printed circuit board
260 _b#N/A
546 _aENGLISH
999 _c26393
_d26393